ألف ياء الخط العربي / (Record no. 117336)

MARC details
000 -LEADER
fixed length control field 00498nam a22001697a 4500
005 - DATE AND TIME OF LATEST TRANSACTION
control field 20251108174747.0
008 - FIXED-LENGTH DATA ELEMENTS--GENERAL INFORMATION
fixed length control field 250721s2008 xx 000 0 ara d
082 14 - DEWEY DECIMAL CLASSIFICATION NUMBER
Classification number 411.4/برغ
100 1# - MAIN ENTRY--PERSONAL NAME
Personal name البرغوثي، بشير
245 10 - TITLE STATEMENT
Title ألف ياء الخط العربي /
264 1# - PRODUCTION, PUBLICATION, DISTRIBUTION, MANUFACTURE, AND COPYRIGHT NOTICE
Place of production, publication, distribution, manufacture عمان :
Name of producer, publisher, distributor, manufacturer الطريق للنشر والتوزيع،
Date of production, publication, distribution, manufacture, or copyright notice 2008.
300 ## - PHYSICAL DESCRIPTION
Extent 80ص.
650 17 - SUBJECT ADDED ENTRY--TOPICAL TERM
Topical term or geographic name as entry element الخط العربي
650 17 - SUBJECT ADDED ENTRY--TOPICAL TERM
Topical term or geographic name as entry element الكتابة العربية
942 ## - ADDED ENTRY ELEMENTS (KOHA)
Source of classification or shelving scheme Dewey Decimal Classification
Koha item type Books
Holdings
حالة السحب حالة الفقدان مصدر التصنيف حالة التلف غير قابل للإعارة المكتبة الرئيسية المكتبة الحالية موقع الرف تاريخ التزويد الرقم المتسلسل Total Checkouts رقم الإستدعاء الباركود تاريخ آخر ظهور تاريخ الفاتورة نوع المادة (كوها)
    Dewey Decimal Classification     المكتبة المركزية المكتبة المركزية الإعارة 28/07/2025 1308355   411.4/برغ PLD00103503 28/07/2025 28/07/2025 Books
    Dewey Decimal Classification     مكتبة أبو علندا العامة مكتبة أبو علندا العامة الإعارة 25/07/2009 1308357   411.4/برغ PLD00103761 28/07/2025 25/07/2009 Books
    Dewey Decimal Classification     مكتبة الأميرة ايمان العامة مكتبة الأميرة ايمان العامة الإعارة 25/07/2009 1308358   411.4/برغ PLD00103762 28/07/2025 25/07/2009 Books
    Dewey Decimal Classification     مكتبة الاميرة بديعة مكتبة الاميرة بديعة الإعارة 25/07/2009 1308359   411.4/برغ PLD00103763 28/07/2025 25/07/2009 Books
    Dewey Decimal Classification     مكتبة الجويدة مكتبة الجويدة الإعارة 25/07/2009 1308360   411.4/برغ PLD00103764 28/07/2025 25/07/2009 Books
    Dewey Decimal Classification     مكتبة النصر العامة مكتبة النصر العامة الإعارة 25/07/2009 1308362   411.4/برغ PLD00103766 28/07/2025 25/07/2009 Books
    Dewey Decimal Classification     مكتبة حمزة العامة مكتبة حمزة العامة الإعارة 25/07/2009 1308366   411.4/برغ PLD00103770 28/07/2025 25/07/2009 Books
    Dewey Decimal Classification     مكتبة ومركز فرح مكتبة ومركز فرح الإعارة 25/07/2009 1308369   411.4/برغ PLD00103773 28/07/2025 25/07/2009 Books
Implemented & Customized by: BBB with SCIT (Smart Chains for Information Technology)

Powered by Koha